Návrh interaktívnej aplikácie Shiny v jazyku R na riešenie a vizualizáciu vybraných úloh bakalárska práca

Gespeichert in:
Bibliographische Detailangaben
1. Verfasser: Lábska, Martina
Körperschaft: Fakulta hospodárskej informatiky EU. Katedra matematiky a aktuárstva
Weitere Verfasser: Páleš, Michal, 1984-
Format: Buch
Sprache:Slowakisch
Veröffentlicht: Bratislava 2025
Tags: Tag hinzufügen
Keine Tags, Fügen Sie das erste Tag hinzu!

MARC

LEADER 00000nbm a2200000 4500
001 0310680
005 20251124090330.7
041 0 |a slo 
044 |a SK 
245 1 0 |a Návrh interaktívnej aplikácie Shiny v jazyku R na riešenie a vizualizáciu vybraných úloh  |b bakalárska práca  |c Martina Lábska ; školiteľ: Michal Páleš 
264 1 |a Bratislava  |c 2025 
300 |a 82 s. 
100 1 |a Lábska, Martina 
700 1 |a Páleš, Michal, 1984- 
710 2 |a Fakulta hospodárskej informatiky EU. Katedra matematiky a aktuárstva